000 00622nam a2200169Ia 4500
008 090711s9999 xx 000 0 und d
082 _b68998
100 _aवंदना आनंद / भारती मंगल
245 _aओशो अमgत गाथा भा. 3 व 4
260 _c1992
300 _a62+64
600 _aवंदना आनंद / भारती मंगल
630 _aओशो अमgत गाथा भा. 3 व 4
700 _aवंदना आनंद / भारती मंगल
730 _aओशो अमgत गाथा भा. 3 व 4
942 _cBOOK
999 _c285695
_d285695